000 02134nam a2200349 i 4500
001 156472
003 ES-MaACL
005 20250927111610.0
008 970911s1826 xxkaf |||| | spa d
100 1 _aJuan, Jorge,
_d1713-1773
_967092
245 1 0 _aNoticias secretas de América sobre el estado naval, militar y político de los reynos del Perú y provincias de Quito, costas de Nueva Granada y Chile, gobierno y régimen particular de los pueblos de indios, cruel opresión y extorsiones de sus corregidores y curas...
_b: escritas fielmente según las instrucciones del Excelentísimo Señor Marqués de la Ensenada y presentadas en informe secreto a Don Fernando VI /
_cpor Jorge Juan y Antonio de Ulloa ; sacadas a luz para el verdadero conocimiento del gobierno de los españoles en la América meridional por Don David Barry.
260 _aLondres :
_bEn la Imprenta de R. Taylor,
_c1826.
300 _aXIII, 707 p., [2] h. de lám. ;
_c33 cm.
505 8 _aContiene: Parte primera y segunda . Apéndice por Don Demetrio O'Higgins, p. 611
530 _aDisponible en formato digital.
597 _aParte segunda con port. propia.
599 _aLám.: grabados calcográfico: "J. Maea pinxt, Edwª Scriven sculpt", retratos de los autores.
650 4 _aIndios de Perú-
_xTrato recibido-
_vHistoria.
_9156742
650 4 _aMarina de guerra-
_zEspaña-
_yS.XVIII.
_914787
651 4 _aPerú-
_xHistoria-
_y1548-1820, Epoca colonial.
_99225
651 4 _aChile-
_xHistoria-
_y1560-1810, Época colonial.
_9153615
651 4 _aEcuador-
_xHistoria-
_y1564-1809, Época colonial.
_9156743
651 4 _aColombia-
_xHistoria-
_y1550-1810, Época colonial.
_9138428
700 1 _aUlloa, Antonio de,
_d1716-1795
_9156744
700 1 _aBarry, David.
_9125839
700 1 _aO'Higgins, Demetrio,
_d1720-1801
_9173361
700 1 _aMaea, José (
_d1760-1826)
_9156745
700 1 _aScriven, Edward (
_d1775-1841)
_9156746
852 _aES-MaACL
_jR-2642
_z- Enc. hol.
_xOlim: F-487
856 _uhttp://bdh-rd.bne.es/viewer.vm?id=0000093768&page=1
_zBiblioteca Digital Hispánica
999 _c156472
_d156472